Iran, the illusion of power / (Запис № 512918)

МАРК-запис
000 -LEADER
fixed length control field 01524cam a2200361 i 4500
001 - CONTROL NUMBER
control field iranillusionofpo00grah
003 - CONTROL NUMBER IDENTIFIER
control field CaSfIA
005 - DATE AND TIME OF LATEST TRANSACTION
control field 20210118103723.0
007 - PHYSICAL DESCRIPTION FIXED FIELD--GENERAL INFORMATION
fixed length control field cr||||
008 - FIXED-LENGTH DATA ELEMENTS--GENERAL INFORMATION
fixed length control field 790413s1978 nyub b 001 0 eng
010 ## - LIBRARY OF CONGRESS CONTROL NUMBER
LC control number 78065258
040 ## - CATALOGING SOURCE
Original cataloging agency DLC
Transcribing agency DLC
Modifying agency BAKER
-- BTCTA
-- YDXCP
-- OCLCG
-- CaSfIA
020 ## - INTERNATIONAL STANDARD BOOK NUMBER
International Standard Book Number 0312435878 :
Terms of availability $16.50
020 ## - INTERNATIONAL STANDARD BOOK NUMBER
International Standard Book Number 9780312435875
035 ## - SYSTEM CONTROL NUMBER
System control number (OCoLC)4634887
043 ## - GEOGRAPHIC AREA CODE
Geographic area code a-ir---
050 00 - LIBRARY OF CONGRESS CALL NUMBER
Classification number DS318
Item number .G68 1978b
082 00 - DEWEY DECIMAL CLASSIFICATION NUMBER
Classification number 330.9/55/05
029 1# - (OCLC)
OCLC library identifier NLGGC
System control number 790667711
029 1# - (OCLC)
OCLC library identifier AU@
System control number 000001405363
100 1# - MAIN ENTRY--PERSONAL NAME
Personal name Graham, Robert,
Dates associated with a name 1942 Aug. 21-
245 10 - TITLE STATEMENT
Title Iran, the illusion of power /
Medium [electronic resource]
Statement of responsibility, etc Robert Graham.
260 ## - PUBLICATION, DISTRIBUTION, ETC. (IMPRINT)
Place of publication, distribution, etc New York :
Name of publisher, distributor, etc St. Marin's Press,
Date of publication, distribution, etc c1978.
300 ## - PHYSICAL DESCRIPTION
Extent 228 p. :
Other physical details map ;
Dimensions 23 cm.
504 ## - BIBLIOGRAPHY, ETC. NOTE
Bibliography, etc Includes bibliographical references and index.
506 ## - RESTRICTIONS ON ACCESS NOTE
Standardized terminology for access restriction Необхідна авторизація на https://archive.org/ (створення облікового запису безкоштовно)
506 ## - RESTRICTIONS ON ACCESS NOTE
Standardized terminology for access restriction Необхідна авторизація на https://openlibrary.org/ (створення облікового запису безкоштовно)
651 #0 - SUBJECT ADDED ENTRY--GEOGRAPHIC NAME
Geographic name Iran
General subdivision Politics and government
Chronological subdivision 1941-1979.
651 #0 - SUBJECT ADDED ENTRY--GEOGRAPHIC NAME
Geographic name Iran
General subdivision Economic conditions
Chronological subdivision 1945-1979.
856 41 - ELECTRONIC LOCATION AND ACCESS
Uniform Resource Identifier <a href="http://www.archive.org/details/iranillusionofpo00grah">http://www.archive.org/details/iranillusionofpo00grah</a>
Public note Free eBook from the Internet Archive
856 42 - ELECTRONIC LOCATION AND ACCESS
Uniform Resource Identifier <a href="http://www.openlibrary.org/books/OL22126468M">http://www.openlibrary.org/books/OL22126468M</a>
Public note Additional information and access via Open Library
942 ## - ADDED ENTRY ELEMENTS (KOHA)
Koha item type ЕКнига

Немає доступних примірників.